000 00260nam a22001217a 4500
082 _a920
_bAPJ/W
100 _aABDUL KALAM,APJ
245 _aWINGS OF FIRE
260 _aINDIA
_bUNIVERSITIES PRESS
300 _a118
650 _aAUTOBIOGRAPHY
_zINDIA
942 _cBK
999 _c5566
_d5566